MARC

LEADER 00000nab a2200000 a 4500
001 vtls000130512
003 SK-MaSNL
005 20260303202855.0
008 150430c1982 xo 0 slo
015 |a SNBRB19rr/mm-uuuuu 
035 |a CL0140618 
040 |a SNKBUCL  |b slo  |c SNKBUCL  |e AACR2 
041 0 |a slo 
044 |a xo  |c SK 
080 |a 882-1(087.5)  |2 1981 
100 1 |a Michalkov, Sergej Vladimirovič,  |d 1913-2009  |4 aut  |9 200769 
245 1 0 |a Pinka  |c Sergej Michalkov ; Ján Turan, Marián Čapka 
650 0 7 |a rečňovanky  |2 snkbucl  |9 278360 
650 0 7 |a literatúra pre deti a mládež  |2 snkbucl  |9 21893 
650 0 7 |a sovietska literatúra  |2 snkbucl  |9 22300 
655 7 |a články z novín a časopisov  |2 snkbucl  |9 267496 
655 7 |a články z odboru literárna veda a krásna literatúra  |2 snkbucl  |9 770045 
700 1 |a Turan, Ján  |4 trl  |9 279214 
700 1 |a Čapka, Marián,  |d 1950-  |4 gup  |9 220256 
773 0 |t Ohník  |g Roč. 35, č. 2 (1982), s. 2 
850 |a Slovenská národná knižnica v Martine  |a MTA001 
852 |a SNK  |b KIS3GCP 
958 |a RK 
958 |a LX 
958 |a SK 
992 |a RBX 
999 |c 2182421  |d 2184351